Ochrana pred diskrimináciou v zamestnaní z dôvodu veku v práve a judikatúre EÚ

Antidiskriminačné smernice Amsterdamskej zmluvy. Smernica Rady č. 2000/43 ES a Smernica Rady č. 2000/78 ES. Priama a nepriama diskriminácia. Kategórie výnimiek týchto oblastí. Rozlišovanie medzi oprávnenými cieľmi v oblasti zamestnanosti a vekovou diskrimináciou. Vnútroštátne právne predpisy v jedn...

Descrizione completa

Salvato in:
Dettagli Bibliografici
Autore principale: Zukalová, Dagmar
Altri autori: Puškáčová, Zora
Natura: Capitolo di libro
Lingua:slovacco
Soggetti:
Tags: Aggiungi Tag
Nessun Tag, puoi essere il primo ad aggiungerne!!

MARC

LEADER 00000naa$a2200000$$$4500
001 0097805
005 20230908072112.2
041 0 |a slo 
044 |a SK 
245 1 0 |a Ochrana pred diskrimináciou v zamestnaní z dôvodu veku v práve a judikatúre EÚ  |c Dagmar Zukalová, Zora Puškáčová 
520 |a Antidiskriminačné smernice Amsterdamskej zmluvy. Smernica Rady č. 2000/43 ES a Smernica Rady č. 2000/78 ES. Priama a nepriama diskriminácia. Kategórie výnimiek týchto oblastí. Rozlišovanie medzi oprávnenými cieľmi v oblasti zamestnanosti a vekovou diskrimináciou. Vnútroštátne právne predpisy v jednotlivých členských štátoch týkajúcich sa veku. 
610 2 0 |a vek produktívny 
610 2 0 |a obyvateľstvo práceschopné 
610 2 0 |a diskriminácia 
610 2 0 |a starnutie populácie 
610 2 0 |a ochrana ľudských práv 
610 2 0 |a Európska únia 
610 2 0 |a právo európske 
610 2 0 |a smernice 
100 1 |a Zukalová, Dagmar 
700 1 |a Puškáčová, Zora